000 00731cab a2200241 4500
001 ABS54651
008 090401t1996 xxu||||| |||| 00| 0 eng d
035 _a(Sirsi) u11523
041 _aeng
100 _aSmit, J.
245 _aCast iron case
260 _c1996
350 _a0
490 _aProcurement
_vMarch 1996, 24(1)
520 _aBritish Steel`s "Steel or concrete: the economics of commercial building" compares the costs of steel-framed to concrete framed construction.
650 _aBUILT ENVIRONMENT-BUILDING COSTS
650 _aCOMPARISON
650 _aCONCRETE FRAMED CONSTRUCION
650 _aSTEEL-FRAMED BUILDINGS
690 _aBUILT ENVIRONMENT-BUILDING COSTS
942 _n0
948 _c04/03/1997
999 _c7348
_d7348